| 000 | 00396nam a2200157Ia 4500 | ||
|---|---|---|---|
| 008 | 230312s9999||||xx |||||||||||||| ||und|| | ||
| 020 | _a81-8052-056-0 | ||
| 082 |
_a537.6 _bSKI-F |
||
| 100 | _aSkilling,Huge Hildreth | ||
| 245 | 0 | _aFundamentals of Electric Waves | |
| 260 |
_bAne Books _aIndia _c2004 |
||
| 300 | _a245 | ||
| 546 | _aEng. | ||
| 650 |
_aEngineering _vVector Analysis, |
||
| 942 | _cBK | ||
| 999 |
_c1781 _d1781 |
||